| 000 | 00566nam a22002057a 4500 | ||
|---|---|---|---|
| 999 |
_c6729 _d6729 |
||
| 003 | OSt | ||
| 005 | 20200310113052.0 | ||
| 008 | 200310b ||||| |||| 00| 0 eng d | ||
| 020 | _a9780071221092 | ||
| 040 | _cDDC | ||
| 082 | _a003 OBR 2011 | ||
| 100 |
_aO'Brien, James A.; Marakas, George M. _912319 |
||
| 245 | _aManagement Information Systems | ||
| 250 | _a10th ed. | ||
| 260 |
_aNew York; _bMcGraw Hill, _c2011 |
||
| 300 |
_a704p; _bCol.ill: _c28cm |
||
| 504 | _aAnswers, References, & index included | ||
| 650 |
_aSystem design _9683 |
||
| 942 |
_2ddc _cO_SHELF |
||